[Event "Challenge"]
[Site "http://www.queenalice.com/game.php?id=504949"]
[Date "2008.12.9"]
[Round "-"]
[White "mustafa"]
[Black "Aldino"]
[Result "1-0"]
[WhiteElo "1500"]
[BlackElo "1925"]

1. e4 e5 2. Nf3 d6 3. Nc3 Nf6 4. Bc4 h6 5. O-O Nc6 6. a3 Na5 7. Ba2 Be7 8. d4
O-O 9. d5 c5 10. b4 a6 11. bxa5 Qxa5 12. Qd3 b5 13. Ne2 c4 14. Qc3 Qc7 15. Ng3
Qd7 16. h3 Qc7 17. Re1 a5 18. Bd2 Bd8 19. Nh4 Nh7 20. Ngf5 Bxf5 21. Nxf5 Bg5 22.
Qg3 f6 23. Bxg5 fxg5 24. Qc3 Nf6 25. a4 b4 26. Qxc4 Qxc4 27. Bxc4 Nxe4 28. Nxh6+
Kh7 29. Rxe4 gxh6 30. Bd3 Kg7 31. Rc4 Rac8 32. Rc6 Rxc6 33. dxc6 Rc8 34. Bb5 Kf6
35. f3 Ke6 36. Rd1 d5 37. Kf2 Kd6 38. Ke3 Kc5 39. Kd3 Rd8 40. c3 e4+ 41. Kd2
exf3 42. cxb4+ Kxb4 43. gxf3 Rf8 44. c7 Rc8 45. Rc1 1-0

[Event "Challenge"]
[Site "http://www.queenalice.com/game.php?id=507369"]
[Date "2008.12.14"]
[Round "-"]
[White "Edmilson9975"]
[Black "mustafa"]
[Result "1-0"]
[WhiteElo "1528"]
[BlackElo "1633"]

1. d4 d5 2. c4 e6 3. a3 dxc4 4. Nc3 a6 5. Nf3 Nf6 6. Bg5 h6 7. Bxf6 Qxf6 8. e3
b5 9. a4 c6 10. axb5 Bb4 11. Bxc4 c5 12. Qd3 a5 13. O-O cxd4 14. Ne4 Qe7 15.
Qxd4 O-O 16. g4 Rd8 17. Qe5 f6 18. Qf4 Qd7 19. Nd4 Bb7 20. Bxe6+ 1-0

[Event "Challenge"]
[Site "http://www.queenalice.com/game.php?id=509636"]
[Date "2008.12.18"]
[Round "-"]
[White "Andrei_78"]
[Black "mustafa"]
[Result "0-1"]
[WhiteElo "1612"]
[BlackElo "1507"]

1. c3 d5 2. d4 Nf6 3. h3 Bf5 4. Nd2 Nc6 5. a3 e5 6. Ndf3 Bd6 7. dxe5 Nxe5 8. Nd4
Bg6 9. Bf4 a6 10. Bxe5 Bxe5 11. Ngf3 Bd6 12. e3 c5 13. Nb3 O-O 14. Be2 Qb6 15.
O-O Rad8 16. Rc1 Bc7 17. Ng5 Qd6 18. Bf3 Qh2# 0-1

[Event "Challenge"]
[Site "http://www.queenalice.com/game.php?id=513226"]
[Date "2008.12.27"]
[Round "-"]
[White "mustafa"]
[Black "Descartes69"]
[Result "0-1"]
[WhiteElo "1731"]
[BlackElo "1444"]

1. e4 d5 2. exd5 Nf6 3. c4 e6 4. dxe6 Bxe6 5. d4 Bb4+ 6. Bd2 Qe7 7. Bxb4 Qxb4+
8. Qd2 Nc6 9. d5 O-O-O 10. Nf3 Rhe8 11. Be2 Bg4 12. Nc3 Ne4 13. Nxe4 Rxe4 14.
O-O-O Qc5 15. Qc2 Rde8 16. Bd3 Nb4 0-1

[Event "Challenge"]
[Site "http://www.queenalice.com/game.php?id=513230"]
[Date "2008.12.27"]
[Round "-"]
[White "mustafa"]
[Black "Ekaw"]
[Result "1-0"]
[WhiteElo "1672"]
[BlackElo "1488"]

1. e4 e5 2. Nf3 Nc6 3. Bc4 Nh6 4. d3 Be7 5. O-O O-O 6. Nc3 Nd4 7. h3 c6 8. Nxe5
d5 9. exd5 cxd5 10. Bxd5 Bc5 11. Re1 Qh4 12. Ne4 Bf5 13. Bg5 Bxe4 14. Bxh4 1-0

[Event "Challenge"]
[Site "http://www.queenalice.com/game.php?id=513264"]
[Date "2008.12.27"]
[Round "-"]
[White "cabral25"]
[Black "mustafa"]
[Result "0-1"]
[WhiteElo "1612"]
[BlackElo "1623"]

1. e4 e5 2. Nf3 Nc6 3. Bc4 Bc5 4. Nc3 d6 5. d3 Bg4 6. h3 Bh5 7. g4 Bg6 8. Ng5 h6
9. Nf3 Nge7 10. a3 a6 11. b4 Bb6 12. b5 axb5 13. Nxb5 O-O 14. g5 Ba5+ 15. Bd2
Bxd2+ 16. Qxd2 h5 17. Qe2 Na5 18. Nh4 Nxc4 19. dxc4 c6 20. Nc3 Qa5 21. Qd2 Qc5
22. Nf3 Qxc4 23. Rg1 Bxe4 24. Nh4 Bxc2 25. Qxc2 Qxh4 26. Rg3 b5 27. a4 bxa4 28.
Rxa4 Rxa4 29. Nxa4 Ra8 30. Nb6 Qb4+ 31. Kf1 Qxb6 32. Qd1 g6 33. Rb3 Ra1 34. Qxa1
Qxb3 35. Qa8+ Kg7 36. Kg2 Qd5+ 37. f3 Qd2+ 38. Kg3 Nf5# 0-1

[Event "Let's Play Chess!"]
[Site "http://www.queenalice.com/game.php?id=513949"]
[Date "2008.12.30"]
[Round "-"]
[White "dida"]
[Black "mustafa"]
[Result "0-1"]
[WhiteElo "1583"]
[BlackElo "1690"]

1. e4 e5 2. Bc4 Nf6 3. f3 c6 4. a3 d5 5. exd5 cxd5 6. Bb5+ Nc6 7. Qe2 Bd6 8. c3
O-O 9. d3 Na5 10. Qc2 a6 11. Bc6 Nxc6 12. Ne2 Qb6 13. b4 Bf5 14. Ng3 Bg6 15. Bg5
e4 16. dxe4 dxe4 17. fxe4 Rfe8 18. Nd2 Bxg3+ 19. hxg3 Nxe4 20. Nxe4 Rxe4+ 21.
Qxe4 Bxe4 22. Rd1 Bxg2 23. Rh4 Qg1+ 24. Kd2 Qf2+ 25. Kc1 Qxg3 26. Rc4 Qxg5+ 27.
Kb1 Rd8 28. Rxd8+ Qxd8 29. Rc5 Qd2 30. Rc4 Qd3+ 0-1

[Event "Let's Play Chess!"]
[Site "http://www.queenalice.com/game.php?id=514605"]
[Date "2008.12.30"]
[Round "-"]
[White "mustafa"]
[Black "DrIgO"]
[Result "1-0"]
[WhiteElo "1591"]
[BlackElo "1416"]

1. e4 d5 2. exd5 Qxd5 3. Nc3 Qe6+ 4. Be2 g6 5. Nf3 Qg4 6. O-O b6 7. Ne5 Qe6 8.
d4 Bb7 9. Bc4 Qf5 10. Nxf7 Qf6 11. Nxh8 Qc6 12. Bd5 Qf6 13. Bxb7 Qxh8 14. Bxa8
h5 15. Bf3 Nf6 16. Bg5 Ng4 17. Bxg4 hxg4 18. Qxg4 a5 19. Qc8+ Kf7 20. Qxb8 Qxd4
21. Rad1 Qg4 22. Be3 e6 23. Qxc7+ Kf6 24. Rd7 b5 25. Rf7# 1-0

[Event "Challenge"]
[Site "http://www.queenalice.com/game.php?id=514614"]
[Date "2008.12.30"]
[Round "-"]
[White "mustafa"]
[Black "welschren"]
[Result "1-0"]
[WhiteElo "1768"]
[BlackElo "1444"]

1. e4 e5 2. Nf3 Nc6 3. Bc4 Bc5 4. d3 Nf6 5. Bg5 O-O 6. O-O Nd4 7. Nxe5 b5 8. Bb3
d6 9. Bxf6 Qxf6 10. Nf3 Nxf3+ 11. Qxf3 Qxf3 12. gxf3 Be6 13. Nd2 Bh3 14. Rfe1
Rae8 15. f4 Bd4 16. c3 Bb6 17. Bd5 Kh8 18. d4 Be6 19. Bc6 Rd8 20. Bxb5 Bd7 21.
Bxd7 Rxd7 22. a4 a5 23. Nc4 Re7 24. f5 Rfe8 25. Nxb6 cxb6 26. f3 f6 27. Kf2 Kg8
28. h4 Kf7 29. h5 h6 30. d5 Rc8 31. Rec1 Ke8 32. c4 Kd7 33. b3 Rc5 34. Ke3 Ke8
35. Ra2 Kd7 36. Kd4 Kd8 37. Re2 Kd7 38. Rg1 Ke8 39. f4 Kf8 40. Re3 Kg8 41. Rge1
Kf7 42. e5 fxe5+ 43. fxe5 dxe5+ 44. Rxe5 Rxe5 45. Rxe5 Rc7 46. d6 Rd7 47. Kd5
Kf6 48. Re8 Kxf5 49. Kc6 Ra7 50. d7 Ra8 51. Rxa8 1-0

[Event "Let's Play Chess!"]
[Site "http://www.queenalice.com/game.php?id=515917"]
[Date "2009.1.2"]
[Round "-"]
[White "Abstro"]
[Black "mustafa"]
[Result "1-0"]
[WhiteElo "1860"]
[BlackElo "1752"]

1. d4 d5 2. c4 e6 3. c5 b6 4. b4 e5 5. e3 e4 6. f3 c6 7. Nc3 Nf6 8. Bb2 b5 9. a4
Be7 10. axb5 cxb5 11. Nxb5 Nc6 12. Bc3 O-O 13. Na3 a6 14. Nb1 Bb7 15. Nh3 exf3
16. gxf3 Nh5 17. f4 Bh4+ 18. Kd2 Nf6 19. Bd3 1-0

[Event "Challenge"]
[Site "http://www.queenalice.com/game.php?id=516445"]
[Date "2009.1.3"]
[Round "-"]
[White "mustafa"]
[Black "Kabelosvic"]
[Result "1-0"]
[WhiteElo "1696"]
[BlackElo "1702"]

1. e4 d6 2. d4 g6 3. Nf3 Bg4 4. h3 Bxf3 5. Qxf3 Bg7 6. c3 c6 7. Bc4 b5 8. Qxf7+
Kd7 9. Be6+ Kc7 10. Qxg7 Nf6 11. O-O Nxe4 12. Re1 Nf6 13. Bb3 Nh5 14. Qxe7+ Qxe7
15. Rxe7+ Kb6 16. a4 bxa4 17. Rxa4 a5 18. Be3 Nf6 19. Nd2 d5 20. c4 dxc4 21.
Nxc4+ Kb5 22. Rb7+ Ka6 23. Rb6+ 1-0

[Event "Let's Play Chess!"]
[Site "http://www.queenalice.com/game.php?id=517845"]
[Date "2009.1.6"]
[Round "-"]
[White "charles31"]
[Black "mustafa"]
[Result "0-1"]
[WhiteElo "1679"]
[BlackElo "1737"]

1. Nc3 e5 2. e4 Nf6 3. a3 Nc6 4. d3 h6 5. Be3 d5 6. exd5 Nxd5 7. Nxd5 Qxd5 8.
Nf3 Bg4 9. Be2 Bd6 10. h3 Bh5 11. c4 Qe6 12. Qb3 O-O 13. Nd2 Bxe2 14. Kxe2 Nd4+
15. Bxd4 exd4+ 16. Ne4 f5 17. Rhe1 fxe4 18. dxe4 b5 19. Qxb5 Qxe4+ 20. Kf1 Qf5
21. Qxf5 Rxf5 22. Re4 Rf4 23. Rae1 Raf8 24. Rxf4 Rxf4 25. b4 Kf7 26. g3 Rf5 27.
f4 c5 28. bxc5 Bxc5 29. Rd1 Rf6 30. Rd3 Ra6 31. Kf2 Rxa3 32. Rd2 Rc3 33. Rb2
Rxc4 34. Rb7+ Kg6 35. Ke2 Rc3 36. f5+ Kf6 37. g4 Rxh3 0-1

[Event "TURCO"]
[Site "http://www.queenalice.com/game.php?id=519379"]
[Date "2009.1.8"]
[Round "-"]
[White "perucona"]
[Black "mustafa"]
[Result "0-1"]
[WhiteElo "1609"]
[BlackElo "1636"]

1. e4 e5 2. d4 exd4 3. Qxd4 Nc6 4. Qd5 Nf6 5. Qd3 Bc5 6. Be3 Bxe3 7. Qxe3 O-O 8.
e5 Nxe5 9. Qh3 d5 10. Qh4 Re8 11. g4 Nf3+ 12. Kd1 Nxh4 13. Nc3 Bxg4+ 14. f3 Nxf3
15. Nxf3 Bxf3+ 16. Kc1 Bxh1 17. Ne2 Ne4 18. Nd4 Qg5+ 19. Kd1 Nf2# 0-1

[Event "Challenge"]
[Site "http://www.queenalice.com/game.php?id=519997"]
[Date "2009.1.10"]
[Round "-"]
[White "mustafa"]
[Black "romabit"]
[Result "0-1"]
[WhiteElo "1666"]
[BlackElo "1519"]

1. e4 c5 2. Nf3 Nc6 3. Nc3 d6 4. Bc4 Nf6 5. d3 Bg4 6. Ne2 Bxf3 7. gxf3 g6 8. c3
Ne5 9. Bb5+ Nfd7 10. Ng3 Bg7 11. f4 Nc6 12. h4 Qc7 13. h5 O-O-O 14. h6 Bf8 15.
Bd2 a6 16. Ba4 e5 17. f5 Nf6 18. Bg5 Be7 19. Qd2 d5 0-1

[Event "Challenge"]
[Site "http://www.queenalice.com/game.php?id=531280"]
[Date "2009.1.29"]
[Round "-"]
[White "JOROVAS"]
[Black "mustafa"]
[Result "0-1"]
[WhiteElo "1572"]
[BlackElo "1719"]

1. e4 e5 2. d3 Nf6 3. Bg5 Bc5 4. Qf3 Nc6 5. c3 h6 6. Bxf6 gxf6 7. Nd2 d6 8. Qg3
b5 9. Qg7 Ke7 10. Be2 Be6 11. Bh5 Qd7 12. Ndf3 Rag8 13. Qxh8 Rxh8 14. h3 b4 15.
c4 Nd4 16. Nxd4 Bxd4 17. Rb1 Qa4 18. Bd1 Qxa2 19. Bc2 b3 20. Rc1 bxc2 21. Rxc2
f5 22. Nf3 Qb1+ 23. Ke2 Qxh1 24. Nh4 fxe4 25. Rd2 Qg1 0-1

[Event "Challenge"]
[Site "http://www.queenalice.com/game.php?id=533067"]
[Date "2009.2.1"]
[Round "-"]
[White "solo"]
[Black "mustafa"]
[Result "0-1"]
[WhiteElo "1663"]
[BlackElo "1704"]

1. e4 e5 2. Qh5 Nc6 3. Bc4 g6 4. Qf3 Nf6 5. c3 d6 6. h3 Na5 7. Bb3 a6 8. d3 b6
9. Bg5 Be7 10. Bxf6 Bxf6 11. Nd2 O-O 12. Nc4 Nxc4 13. Bxc4 Be6 14. Bd5 Bxd5 15.
exd5 Bg5 16. Ne2 Qd7 17. d4 exd4 18. Nxd4 Rfe8+ 19. Ne2 Qb5 20. b3 Re5 21. c4
Qb4+ 22. Kf1 Rae8 23. a3 Qd2 24. g3 Rxe2 25. Kg2 R8e3 26. Rhd1 Rxf3 27. Rxd2
Rfxf2+ 0-1

[Event "Challenge"]
[Site "http://www.queenalice.com/game.php?id=533395"]
[Date "2009.2.1"]
[Round "-"]
[White "mustafa"]
[Black "josealexandreschultz"]
[Result "1-0"]
[WhiteElo "1730"]
[BlackElo "1663"]

1. e4 e5 2. Nf3 d6 3. Nc3 Bg4 4. h3 Bxf3 5. Qxf3 Nf6 6. Bc4 c6 7. O-O Be7 8. d3
Nbd7 9. Bg5 O-O 10. Rad1 b5 11. Bb3 a5 12. a4 b4 13. Ne2 c5 14. Qe3 Nb6 15. Ba2
Nxa4 16. b3 Nb6 17. c4 a4 18. f4 a3 19. fxe5 dxe5 20. Qg3 Nbd7 21. Rf5 Qc7 22.
Bh6 g6 23. Bxf8 Bxf8 24. Rf2 Bg7 25. Rdf1 Qd6 26. Kh1 Rf8 27. Bb1 Nb6 28. Ng1
Nh5 29. Qe3 f6 30. Ne2 g5 31. h4 h6 32. hxg5 hxg5 33. Qh3 Nf4 34. Nxf4 gxf4 35.
Qh5 Rf7 36. g3 Kf8 37. gxf4 Nd7 38. fxe5 Nxe5 39. Qh3 Ke7 40. Rg1 Kd8 41. Qh2
Kc7 42. Qh3 Kb6 43. Rd2 Qc7 44. Qe6+ Nc6 45. d4 Bf8 46. e5 Ka5 47. Qe8 Qb7 48.
d5 Nxe5 49. Rg3 Rh7+ 50. Kg2 Rf7 51. Bf5 Bh6 52. Qa4+ Kb6 53. Rf2 Qc7 54. Rh3
Rg7+ 55. Kf1 Nf7 56. Be6 Bg5 57. Bxf7 Rxf7 58. Rh8 f5 59. Ra8 Qb7 60. Qb5+ Kc7
61. Qxc5+ Kd7 62. Ra7 1-0

[Event "Challenge"]
[Site "http://www.queenalice.com/game.php?id=533518"]
[Date "2009.2.2"]
[Round "-"]
[White "puertolimon"]
[Black "mustafa"]
[Result "0-1"]
[WhiteElo "1665"]
[BlackElo "1743"]

1. Nf3 d5 2. d4 Bg4 3. e3 e6 4. a3 Nf6 5. Nc3 a6 6. Be2 Nc6 7. Ne5 Bf5 8. g4 Bg6
9. h4 h6 10. h5 Bh7 11. f3 Nxe5 12. dxe5 Nd7 13. f4 c6 14. Bd3 Bxd3 15. Qxd3 Nc5
16. Qd4 Be7 17. g5 Nd7 18. gxh6 Bh4+ 19. Ke2 Rxh6 20. Rg1 Kf8 21. e4 c5 22. Qd1
d4 23. Nb1 Rxh5 24. Nd2 Be7 25. Nc4 b5 26. Kf1 Rh7 27. Nd6 Bxd6 28. exd6 e5 29.
fxe5 Nxe5 30. c3 Qf6+ 31. Ke1 Nf3+ 32. Kf1 Nxg1+ 33. Kxg1 Qg6+ 34. Kf2 Rh2+ 35.
Kf3 Qg2+ 36. Kf4 Rh4+ 37. Ke5 Qxe4# 0-1

[Event "Challenge"]
[Site "http://www.queenalice.com/game.php?id=534634"]
[Date "2009.2.4"]
[Round "-"]
[White "montelo"]
[Black "mustafa"]
[Result "0-1"]
[WhiteElo "1620"]
[BlackElo "1655"]

1. e4 e5 2. Nf3 Nc6 3. Bc4 Bc5 4. d3 h6 5. d4 exd4 6. a3 Nf6 7. b4 Bb6 8. b5 Na5
9. Ba2 c5 10. Ne5 d5 11. exd5 Nxd5 12. Bxd5 Qxd5 13. Kd2 Qxg2 14. Nd3 O-O 15. c4
Nxc4+ 16. Kc2 Bf5 17. Kb3 Na5+ 18. Ka4 Qd5 19. Nd2 Bxd3 20. Qg1 Bxb5+ 21. Kxb5
Qc6# 0-1

[Event "Challenge"]
[Site "http://www.queenalice.com/game.php?id=534635"]
[Date "2009.2.4"]
[Round "-"]
[White "mustafa"]
[Black "montelo"]
[Result "1-0"]
[WhiteElo "1674"]
[BlackElo "1620"]

1. e4 e5 2. Nf3 Nc6 3. Bb5 Bc5 4. Nc3 Nf6 5. h3 a6 6. Bxc6 bxc6 7. Nxe5 Qe7 8.
Nf3 Nxe4 9. O-O Qf6 10. Nxe4 Qe7 11. Re1 O-O 12. d4 Bb6 13. Bg5 f6 14. Nxf6+
Qxf6 15. Bxf6 Rxf6 16. Re8+ Kf7 17. Qe2 Bb7 18. Qe7+ Kg6 19. Ne5+ Kf5 20. Qxd7+
Kg5 21. Qg4+ Kh6 22. Qh4# 1-0

[Event "Challenge"]
[Site "http://www.queenalice.com/game.php?id=534666"]
[Date "2009.2.4"]
[Round "-"]
[White "PestinhaX"]
[Black "mustafa"]
[Result "1-0"]
[WhiteElo "978"]
[BlackElo "1756"]

1. a3 e5 2. c3 d5 3. Qa4+ Nc6 4. Qd1 Nf6 5. e3 Bg4 6. Nf3 e4 7. h3 Bh5 8. Be2
exf3 9. gxf3 Bd6 10. d4 O-O 11. b4 Re8 12. Rg1 Qd7 13. Rh1 Qf5 14. Rg1 Qxh3 15.
Rf1 Ne7 16. f4 Bxe2 17. Qxe2 Ng6 18. Qf3 Qh4 19. Rg1 Nxf4 20. Rh1 Qg4 21. Qd1
Qxd1+ 22. Kxd1 Nd3 23. Bd2 Nxf2+ 24. Kc2 N2e4 25. Rh4 h6 26. a4 Nf2 27. Na3 c5
28. bxc5 N6e4 29. Rf1 g6 30. Be1 a5 31. Bxf2 f6 32. Rxh6 Re7 33. Nb5 Rc8 34. Be1
Rf8 35. Nxd6 Re6 36. Rxg6+ Kh7 37. Rg4 Rg8 38. Rh1# 1-0